000
00253nam a22001217a 4500
040
_c
LP
082
_a
526
100
_a
ឡោ
245
_a
Geodesy ប្រថពីវិទ្យា
260
_a
RUA
_b
ឡោ
_c
NA
300
_a
78p;
942
_c
AEDBB
999
_c
10295
_d
10295